000 01489nam0a22003131 4500
001 rc\3188357
005 20260407095856.0
021 _aRU
_b[75-88655]
035 _a(NLR Aleph) 007350270
090 _a6201596
_c6201596
100 _a20120628d1975 |||y0rusy50 ca
101 0 _arus
102 _aRU
105 _ay z |||||
200 1 _aВысокоскоростное шлифование
_e(Метод. рекомендации)
_f[Сост. Гессель М.Г., Давыдов И.Т., Дугин В.Н. и др.]
_gВсесоюз. науч.-исслед. ин-т абразивов и шлифования
210 _aМосква
_cНИИМАШ
_d1975
215 _a54 с.
_cграф.
_d21
225 1 _aНаучно-исследовательский институт информации по машиностроению. Руководящие материалы
_iСтанкоинструментальная промышленность
320 _aСписок лит.: с. 53
606 _aШлифование металлов
_jНормативные и руководящие материалы
_2psbo
702 1 _aДавыдов
_bИ.Т.
_4220
702 1 _aГессель
_bМ.Г.
_4220
702 1 _aДугин
_bВ.Н.
_4220
712 0 2 _aВНИИ абразивов и шлифования
_cЛенинград
_3RU\NLR\AUTH\889925506
_9346806
801 0 _aRU
_bNLR
_gpsbo
801 1 _aRU
_bELAR
_2rusmarc
852 _aNLR
_j76-6/786
942 _cBOOK
980 _aNB